Ravens Initial 53 Man Roster 24-25 - Statistics

General Stats
  • This quiz has been taken 273 times
  • The average score is 31 of 53
Answer Stats
Ravens Answer % Correct
QB Lamar Jackson
99%
RB Derrick Henry
97%
WR Zay Flowers
96%
TE Mark Andrews
95%
WR Rashod Bateman
93%
RB Justice Hill
92%
TE Isaiah Likely
91%
FB Patrick Ricard
86%
ILB Roquan Smith
83%
S Eddie Jackson
82%
S Kyle Hamilton
82%
K Justin Tucker
81%
QB Josh Johnson
80%
TE Charlie Kolar
75%
CB Marlon Humphrey
75%
OL Ronnie Stanley
75%
OL Tyler Linderbaum
74%
CB Nate Wiggins
72%
WR Tylan Wallace
69%
WR Nelson Agholor
67%
OLB Kyle Van Noy
64%
RB Rasheen Ali
64%
S Ar'Darius Washington
63%
P Jordan Stout
62%
OL Roger Rosengarten
61%
DL Broderick Washington
59%
WR Devontez Walker
59%
DL Justin Madubuike
59%
OLB Odafe Oweh
59%
OL Daniel Faalele
57%
ILB Trenton Simpson
56%
DL Michael Pierce
55%
DL Travis Jones
55%
CB Brandon Stephens
54%
OL Josh Jones
51%
OL Ben Cleveland
49%
S Marcus Williams
46%
OL Patrick Mekari
46%
OLB David Ojabo
44%
OL Andrew Vorhees
41%
LS Nick Moore
38%
ILB Malik Harrison
34%
DL Brent Urban
32%
OLB Tavius Robinson
32%
CB T.J. Tampa
30%
ILB Chris Board
26%
S Beau Brade
24%
CB Jalyn Armour-Davis
22%
S Sanoussi Kane
22%
OLB Adisa Isaac
21%
WR Deonte Harty
21%
OL Nick Samac
17%
OL Malaesala Aumavae-Laulu
10%
No matching quizzes found
Score Distribution
Percent of People with Each Score
Percentile by Number Answered
Your Score History
You have not taken this quiz